Revised international notation for latex havest technology (Record no. 51605)

MARC details
000 -LEADER
fixed length control field 00712nam a2200265Ia 4500
100 ## - MAIN ENTRY--AUTHOR NAME
Personal name Vijayakumar K R
245 #0 - TITLE STATEMENT
Title Revised international notation for latex havest technology
260 ## - PUBLICATION, DISTRIBUTION, ETC. (IMPRINT)
Name of publisher Journal of Rubber Research
Year of publication 2009
300 ## - PHYSICAL DESCRIPTION
Number of Pages 103-115
650 ## - SUBJECT ADDED ENTRY--TOPICAL TERM
Topical Term Hevea brasiliensis
650 ## - SUBJECT ADDED ENTRY--TOPICAL TERM
Topical Term Latex harvest technology
650 ## - SUBJECT ADDED ENTRY--TOPICAL TERM
Topical Term Tapping notation
650 ## - SUBJECT ADDED ENTRY--TOPICAL TERM
Topical Term Tapping system
700 ## - ADDED ENTRY--PERSONAL NAME
Personal name Gohet Eric
700 ## - ADDED ENTRY--PERSONAL NAME
Personal name Karunaichamy K
700 ## - ADDED ENTRY--PERSONAL NAME
Personal name Rodrigo Lakshman
700 ## - ADDED ENTRY--PERSONAL NAME
Personal name Said Mohd Akhar
700 ## - ADDED ENTRY--PERSONAL NAME
Personal name Sopchoke Pichit
700 ## - ADDED ENTRY--PERSONAL NAME
Personal name Sumarmadji
700 ## - ADDED ENTRY--PERSONAL NAME
Personal name Thanh Do Kim
700 ## - ADDED ENTRY--PERSONAL NAME
Personal name Thomas K U
700 ## - ADDED ENTRY--PERSONAL NAME
Personal name Xiaodi Wei
942 ## - ADDED ENTRY ELEMENTS (KOHA)
Koha item type Bibliography STAF
Holdings
Withdrawn status Lost status Damaged status Not for loan Home library Current library Date acquired Serial Enumeration / chronology Koha item type
      Bibliography RRII Library RRII Library 17/07/2009 Volume 12, Issue 2 Bibliography STAF